000 00462pab a2200169 454500
008 180718b2003 xxu||||| |||| 00| 0 eng d
100 _aBenni, Basavaraj S.
245 _aMilk producers' co-operative societies in Karnataka: performance indicators
260 _c2003
300 _ap.23-26.
362 _aApr
650 _aCooperatives - India - Karnataka
650 _aMilk - India - Karnataka
650 _aMilk
773 _aKurukshetra
909 _a55942
999 _c55942
_d55942